[Event "Bodensee Seniors op"]
[Site "Bregenz"]
[Date "2025.05.30"]
[Round "6"]
[White "Taube, Hubertus"]
[Black "Hellen, Bo Erik"]
[Result "1/2-1/2"]
[WhiteElo "2032"]
[BlackElo "2002"]
[PlyCount "107"]
[EventDate "2025.05.25"]
[EventType "swiss"]
[EventRounds "7"]
[EventCountry "AUT"]
[SourceTitle "CB29_2025"]
[SourceDate "2025.07.16"]
[SourceVersion "1"]
[SourceVersionDate "2025.07.16"]
[SourceQuality "1"]

1. d4 f5 2. e4 fxe4 3. Nc3 Nf6 4. g4 d5 5. g5 Ng8 6. f3 Bf5 7. fxe4 dxe4 8. Nge2 e6 9. Bg2 Bb4 10. a3 Ba5 11. b4 Bb6 12. Nxe4 Nc6 13. Bb2 Bxe4 14. Bxe4 Qxg5 15. Qd3 Nf6 16. h4 Qg4 17. Bf3 Qf5 18. 0-0-0 Qxd3 19. Rxd3 Nd8 20. Nf4 0-0 21. Re1 Re8 22. d5 Bf2 23. Re2 Bxh4 24. Nxe6 Nxe6 25. dxe6 Bg5+ 26. Kb1 c6 27. Bd4 Rad8 28. Bxa7 Rxd3 29. cxd3 Ra8 30. Bd4 Rxa3 31. Bxf6 Bxf6 32. e7 Ra1+ 33. Kc2 Ra2+ 34. Kb3 Rxe2 35. Bxe2 Bxe7 36. Bf3 Kf7 37. Kc4 Ke6 38. b5 Kd6 39. bxc6 bxc6 40. d4 Bh4 41. Kd3 Bf2 42. Be4 g6 43. Bf3 Bg1 44. Be4 c5 45. dxc5+ Bxc5 46. Ke2 Ke5 47. Kf3 Kf6 48. Kg2 Kg7 49. Kg3 Bd6+ 50. Kh3 Kf6 51. Kg4 Bb4 52. Bd3 Ke5 53. Bxg6 hxg6 54. Kg5 1/2-1/2